| 000 | 01035nam a2200253Ia 4500 | ||
|---|---|---|---|
| 001 | ebr10046861 | ||
| 003 | CaPaEBR | ||
| 006 | m u | ||
| 007 | cr cn||||||||| | ||
| 008 | 040211s2003 dcu gs 000 0 spa d | ||
| 020 | _z0309089859 | ||
| 040 |
_aCaPaEBR _cCaPaEBR |
||
| 035 | _a(OCoLC)53995675 | ||
| 050 | 1 | 4 |
_aRC271.P33 _bC66 2003eb |
| 245 | 0 | 0 |
_aComo mejorar el cuidado paliativo _h[electronic resource] : _bpodemos mejorar el cuidado de personas con cancer. |
| 260 |
_aWashington, D.C. : _bInstitute of Medicine, National Research Council, _c2003. |
||
| 300 | _a20 p. | ||
| 533 |
_aElectronic reproduction. _bPalo Alto, Calif. : _cebrary, _d2009. _nAvailable via World Wide Web. _nAccess may be limited to ebrary affiliated libraries. |
||
| 650 | 0 |
_aCancer _xPalliative treatment. |
|
| 650 | 0 |
_aCancer _xTreatment. |
|
| 655 | 7 |
_aElectronic books. _2local |
|
| 710 | 2 | _aebrary, Inc. | |
| 856 | 4 | 0 |
_uhttp://site.ebrary.com/lib/rucke/Doc?id=10046861 _zAn electronic book accessible through the World Wide Web; click to view |
| 999 |
_c73185 _d73185 |
||